000 00643nam a2200217 a 4500
999 _c8229
_d8229
001 8229
003 BD-JhCC
005 20180219193201.0
008 180219b1981 xxu |||| ||a| 000 0 ben d
035 _a(BD-JhCC) 8229
040 _aBD-JhCC
_dBD-JhCC
041 _aben
082 _a793
_bCOW 1981
100 _aচৌধুরী, সিরাজুল হক
245 _aলাঠির খেলার কৌশল ও আইন বই /
_c সিরাজুল হক চৌধুরী
260 _aকুষ্টিয়া :
_c1981
300 _a33 p .:
_c20 cm .
650 _aStic game
942 _2ddc
_cBK